UK Cities Beginning With P - Statistics

General Stats
  • This quiz has been taken 80 times
  • The average score is 4 of 5
Answer Stats
Nation Answer % Correct
England Portsmouth
96%
England Plymouth
88%
Scotland Perth
76%
England Peterborough
63%
England Preston
61%
No matching quizzes found
Score Distribution
Percent of People with Each Score
Percentile by Number Answered
Your Score History
You have not taken this quiz